[Event "BCF-chT2 9899 (4NCL)"]
[Site "England"]
[Date "1999.01.23"]
[Round "5.2"]
[White "Buckley, Simon T"]
[Black "Norris, Alan J"]
[Result "1/2-1/2"]
[WhiteElo "2120"]
[BlackElo "2332"]
[PlyCount "77"]
[EventDate "1998.10.??"]
[EventType "team"]
[EventRounds "11"]
[EventCountry "ENG"]
[SourceTitle "EXT 2000"]
[Source "ChessBase"]
[SourceDate "1999.11.16"]
[SourceVersion "1"]
[SourceVersionDate "1999.11.16"]
[SourceQuality "1"]
[WhiteTeam "Bristol II"]
[BlackTeam "Wood Green II"]
[WhiteTeamCountry "ENG"]
[BlackTeamCountry "ENG"]

1. e4 c5 2. Nc3 Nc6 3. g3 g6 4. Bg2 Bg7 5. d3 d6 6. Be3 Nf6 7. h3 0-0 8. f4 Rb8 9. Nge2 Bd7 10. 0-0 b5 11. Qd2 b4 12. Nd1 Ne8 13. f5 a5 14. Bh6 a4 15. Bxg7 Kxg7 16. Ne3 Ne5 17. g4 g5 18. f6+ Nxf6 19. Nd5 Nxd5 20. Qxg5+ Ng6 21. exd5 e5 22. Qe3 f5 23. gxf5 Rxf5 24. Rxf5 Bxf5 25. Rf1 Nh4 26. Ng3 Bg6 27. Be4 Qe7 28. Bxg6 hxg6 29. Qe4 a3 30. b3 Rf8 31. Rxf8 Kxf8 32. Qg4 Qg5 33. Qxg5 Nf3+ 34. Kg2 Nxg5 35. Ne4 Nxe4 36. dxe4 g5 37. Kg3 Kg7 38. Kg4 Kg6 39. h4 1/2-1/2

[Event "Marymass op"]
[Site "Marymass"]
[Date "1999.??.??"]
[Round "3"]
[White "Norris, Alan J"]
[Black "Wiltshire, Richard"]
[Result "1-0"]
[WhiteElo "2320"]
[BlackElo "2120"]
[PlyCount "69"]
[EventDate "1999.08.20"]
[EventType "swiss"]
[EventRounds "5"]
[EventCountry "SCO"]
[SourceTitle "EXT 2002"]
[Source "ChessBase"]
[SourceDate "2001.11.25"]
[SourceVersion "1"]
[SourceVersionDate "2001.11.25"]
[SourceQuality "1"]

1. e4 d5 2. exd5 Nf6 3. c4 e6 4. dxe6 Bxe6 5. Nf3 Nc6 6. d4 Bb4+ 7. Nc3 Ne4 8. Bd2 Nxd2 9. Qxd2 Qe7 10. 0-0-0 0-0-0 11. d5 Bg4 12. a3 Bxf3 13. gxf3 Bxc3 14. Qxc3 Qg5+ 15. Qe3 Qxe3+ 16. fxe3 Ne5 17. f4 Nd7 18. Bh3 Kb8 19. Bxd7 Rxd7 20. e4 f6 21. e5 fxe5 22. fxe5 Re8 23. e6 Rde7 24. Rhe1 Kc8 25. Kc2 Kd8 26. Kc3 g6 27. Rf1 Rg7 28. Kd4 Ke7 29. Ke5 g5 30. c5 g4 31. d6+ Kd8 32. d7 Reg8 33. Rf7 Rxf7 34. exf7 Rf8 35. Kf6 1-0

[Event "Olympiad-33"]
[Site "Elista"]
[Date "1998.10.12"]
[Round "13.3"]
[White "Norris, Alan J"]
[Black "Rasmussen, Rogvi W"]
[Result "0-1"]
[WhiteElo "2330"]
[BlackElo "2140"]
[PlyCount "72"]
[EventDate "1998.09.29"]
[EventType "team-swiss"]
[EventRounds "13"]
[EventCountry "RUS"]
[SourceTitle "CBM 068"]
[Source "ChessBase"]
[SourceDate "1999.02.01"]
[SourceVersion "1"]
[SourceVersionDate "1999.02.01"]
[SourceQuality "1"]
[WhiteTeam "Scotland"]
[BlackTeam "Faroe Islands"]
[WhiteTeamCountry "SCO"]
[BlackTeamCountry "FAI"]

1. e4 e5 2. Nf3 Nc6 3. Nc3 Nf6 4. d4 exd4 5. Nd5 Be7 6. Bc4 d6 7. Nxd4 0-0 8. 0-0 Nxd4 9. Qxd4 Nxd5 10. Bxd5 Bf6 11. Qd3 Re8 12. c3 Qe7 13. Bf4 Rb8 14. Rfe1 Be6 15. Bb3 a6 16. Bc2 g6 17. a4 Red8 18. Rad1 Qe8 19. Qg3 Qc6 20. h4 Qc5 21. Bg5 Be5 22. Qf3 Re8 23. Be3 Qc6 24. h5 Qd7 25. hxg6 hxg6 26. Qe2 Kg7 27. f4 Bg4 28. Qf2 Bf6 29. e5 Be7 30. exd6 Bxd1 31. Bd4+ f6 32. dxc7 Qxc7 33. Rxd1 Rh8 34. Bb6 Qc6 35. Qd4 Rbd8 36. Bxd8 Rxd8 0-1